<?xml version="1.0" encoding="UTF-8"?>
<record
    xmlns:xsi="http://www.w3.org/2001/XMLSchema-instance"
    xsi:schemaLocation="http://www.loc.gov/MARC21/slim http://www.loc.gov/standards/marcxml/schema/MARC21slim.xsd"
    xmlns="http://www.loc.gov/MARC21/slim">

  <leader>003710000a22001090004500</leader>
  <datafield tag="090" ind1=" " ind2=" ">
    <subfield code="a">As</subfield>
    <subfield code="b">Seriadas</subfield>
  </datafield>
  <datafield tag="245" ind1="1" ind2="0">
    <subfield code="a">Planteamiento de un modelo matricial para el an&#xE1;lisis de la din&#xE1;mica de poblaciones de &#xE1;rboles</subfield>
  </datafield>
  <datafield tag="041" ind1="0" ind2=" ">
    <subfield code="a">Espa&#xF1;ol</subfield>
  </datafield>
  <datafield tag="100" ind1="1" ind2=" ">
    <subfield code="a">Gonz&#xE1;lez P&#xE9;rez, Humberto</subfield>
    <subfield code="9">99832</subfield>
  </datafield>
  <datafield tag="942" ind1=" " ind2=" ">
    <subfield code="c">ARTICULO</subfield>
  </datafield>
  <datafield tag="773" ind1="1" ind2=" ">
    <subfield code="t">Cr&#xF3;nica Forestal y del Medio Ambiente</subfield>
    <subfield code="h">11</subfield>
    <subfield code="q">89-104</subfield>
    <subfield code="d">1996</subfield>
  </datafield>
  <datafield tag="999" ind1=" " ind2=" ">
    <subfield code="c">15578</subfield>
    <subfield code="d">15578</subfield>
  </datafield>
</record>
